000 00654nam a2200217Ia 4500
003 GCL
008 140319s9999 xx 000 0 ara d
040 _aGCL /
_cGCL
082 0 4 _a309.151
_bل ص
100 1 _aون, ليو بينغ
245 1 0 _aصينيون عاديون: الجزء الثانى /
_cون, ليو بينغ
700 1 _aلى, شيونغ
700 1 _aمحمد نمر عبدالكريم
300 _a293 ص
490 _aالهيئة العامة للاستعلامات
_v0
650 0 4 _aالادب
650 0 4 _aالمذكرات
650 0 4 _aالمذكرات الادبية
650 0 4 _aالصينيون
942 _2ddc
_cBK
999 _c50495
_d50495